| 000 | 00666cam a2200193 i 4500 | ||
|---|---|---|---|
| 001 | 20998047 | ||
| 005 | 20250122210753.0 | ||
| 008 | 190603s2019 enka b 001 0 eng | ||
| 020 |
_a9780198830894 _q(paperback) |
||
| 050 | 0 | 0 |
_aKJE5170 _b.B37 2019 |
| 100 | 1 |
_aBarnard, Catherine, _eauthor. |
|
| 245 | 1 | 4 |
_aThe substantive law of the EU : _bthe four freedoms / _cCatherine Barnard. |
| 250 | _aSixth edition. | ||
| 300 |
_axcix, 636 pages : _bcolor illustrations, color maps ; _c25 cm |
||
| 650 | 0 |
_aFreedom of movement _zEuropean Union countries. |
|
| 650 | 0 |
_aFree trade _zEuropean Union countries. |
|
| 650 | 0 |
_aLaw _zEuropean Union countries. |
|
| 942 |
_2lcc _cBK _n0 |
||
| 999 |
_c2861 _d2861 |
||